| 000 | 00546cam a2200193 4500 | ||
|---|---|---|---|
| 001 | D4151 | ||
| 008 | 090401t1970 xxu||||| |||| 00| 0 eng d | ||
| 035 | _a(Sirsi) u76737 | ||
| 041 | _aeng | ||
| 050 | _a333.337 | ||
| 100 | _aGrear, A.C.L. | ||
| 245 | _aCommercial property management: a practical guide to the legal ownership, use, sale and acquisition of commercial land and property | ||
| 260 |
_aLondon _bGower Press _c1970 |
||
| 300 | _axix. 511p. 25cm | ||
| 350 | _a6 | ||
| 700 | _aOxborough, J. | ||
| 942 | _n0 | ||
| 948 | _c04/03/1997 | ||
| 999 |
_c96238 _d96238 |
||